Vũ Ngọc Phan và văn học dân tộc/
Sparad:
| Huvudupphovsman: | |
|---|---|
| Materialtyp: | Artikel |
| Språk: | Vietnamese |
| Ämnen: | |
| Taggar: |
Lägg till en tagg
Inga taggar, Lägg till första taggen!
|
| Thư viện lưu trữ: | Thư viện Trường Đại học Đà Lạt |
|---|
| LEADER | 00766nam a2200289 4500 | ||
|---|---|---|---|
| 001 | DLU050049088 | ||
| 040 | # | # | |a DLU |b vie |
| 041 | # | # | |a vie |
| 044 | # | # | |a vn |
| 100 | # | # | |a Phong Lê |
| 245 | # | # | |a Vũ Ngọc Phan và văn học dân tộc/ |c Phong Lê |
| 653 | # | # | |a Chân dung nhà văn |
| 653 | # | # | |a Nghiên cứu văn học |
| 653 | # | # | |a Văn học dân tộc |
| 653 | # | # | |a Vũ Ngọc Phan |
| 773 | # | # | |t Xã hội học |g Số 1, 2003, tr. |
| 920 | # | # | |a Phòng Tạp chí -- Trung tâm Thông tin - Thư viện Trường Đại học Đà Lạt |
| 933 | # | # | |a NV, VNH |
| 994 | # | # | |a DLU |
| 900 | # | # | |a True |
| 911 | # | # | |a Nguyễn Thị Yên |
| 925 | # | # | |a G |
| 926 | # | # | |a A |
| 927 | # | # | |a BB |
| 980 | # | # | |a Thư viện Trường Đại học Đà Lạt |